[Event "50th World U20 ch"]
[Site "Chennai IND"]
[Date "2011.08.12"]
[Round "10.55"]
[White "Herman, Jean"]
[Black "Ghaledar, Faraz"]
[Result "0-1"]
[WhiteElo "2105"]
[BlackElo "2088"]
[EventDate "2011.08.02"]
[PlyCount "80"]

1.e4 e6 2.d4 d5 3.Nc3 Nc6 4.e5 f6 5.f4 fxe5 6.fxe5 Qh4+ 7.g3 Qxd4 8.Qxd4 
Nxd4 9.Bd3 a6 10.Be3 Bc5 11.Kd2 Ba7 12.Bxd4 Bxd4 13.Nf3 Bxc3+ 14.Kxc3 Ne7 
15.Rhf1 h6 16.Nh4 Bd7 17.Bg6+ Kd8 18.Rf7 c5 19.Raf1 Nc6 20.Rxg7 Nxe5 21.
Re1 d4+ 22.Kb3 Nc6 23.c3 Kc7 24.Bf7 Kd6 25.Ng6 Rhd8 26.Rh7 d3 27.c4 Nd4+ 
28.Kc3 Nf3 29.Rd1 d2 30.Rxh6 Ng5 31.Rxd2+ Kc7 32.Ne5 Ne4+ 33.Kc2 Ba4+ 34.
b3 Rxd2+ 35.Kc1 Bc6 36.Rh7 Rad8 37.Bg6+ Kb6 38.Nxc6 Rd1+ 39.Kb2 R8d2+ 40.
Ka3 Nc3 0-1

[Event "50th World U20 ch"]
[Site "Chennai IND"]
[Date "2011.08.12"]
[Round "10.56"]
[White "Prasannaa, S."]
[Black "Zulfic, Fedja"]
[Result "1-0"]
[WhiteElo "2032"]
[BlackElo "2098"]
[EventDate "2011.08.02"]
[PlyCount "65"]

1.e4 c5 2.Nf3 Nc6 3.d4 cxd4 4.Nxd4 Nf6 5.Nc3 g6 6.Nxc6 bxc6 7.e5 Ng8 8.Bc4
Bg7 9.Qf3 f5 10.Bf4 e6 11.O-O-O Qc7 12.Bb3 Rb8 13.h4 Rb4 14.g3 Bb7 15.Rhe1
Nh6 16.a3 Rxf4 17.gxf4 O-O 18.Qd3 Rf7 19.Na4 Bf8 20.Bc4 Ng4 21.Qd2 Bh6 22.
Nc5 Bc8 23.Qd4 Re7 24.Kb1 Bg7 25.f3 Nh6 26.Rd3 Nf7 27.Qe3 Kh8 28.Red1 a5 
29.Ba6 Bxe5 30.fxe5 Nxe5 31.Rb3 d6 32.Bxc8 Qxc8 33.Rxd6 1-0

[Event "50th World U20 ch"]
[Site "Chennai IND"]
[Date "2011.08.12"]
[Round "10.58"]
[White "Mastalerz, Xavier"]
[Black "Yohan, J."]
[Result "1-0"]
[WhiteElo "2129"]
[BlackElo "2017"]
[EventDate "2011.08.02"]
[PlyCount "57"]

1.d4 d5 2.Nf3 Nf6 3.e3 e6 4.Bd3 Be7 5.Nbd2 O-O 6.O-O c5 7.b3 b6 8.Bb2 Bb7 
9.Ne5 Nbd7 10.Qe2 Rc8 11.c4 Ne4 12.Rad1 Nxe5 13.dxe5 Qc7 14.Nb1 f5 15.exf6
Nxf6 16.Nc3 Rcd8 17.Nb5 Qb8 18.f4 Bc6 19.Be5 Qb7 20.Nc7 Qc8 21.f5 Bd6 22.
Bxd6 Rxd6 23.Nxe6 Rxe6 24.fxe6 Qxe6 25.cxd5 Bxd5 26.e4 Nxe4 27.Rfe1 Re8 
28.Bb5 Rd8 29.Rxd5 1-0

[Event "50th World U20 ch"]
[Site "Chennai IND"]
[Date "2011.08.12"]
[Round "10.59"]
[White "Karthikeyan, Murali"]
[Black "Jaswant, G."]
[Result "1-0"]
[WhiteElo "2122"]
[BlackElo "2036"]
[EventDate "2011.08.02"]
[PlyCount "65"]

1.e4 c6 2.d4 d5 3.exd5 cxd5 4.c4 Nf6 5.Nc3 e6 6.Nf3 Bb4 7.Bd3 Nc6 8.O-O 
dxc4 9.Bxc4 O-O 10.Bg5 Be7 11.Re1 Bd7 12.Qe2 Re8 13.Rad1 Nd5 14.Bc1 Bf6 
15.Ne4 Be7 16.a3 Na5 17.Bd3 Ba4 18.Neg5 Bxg5 19.Nxg5 Nf6 20.Rd2 Nb3 21.Bc2
Nxc1 22.Rxc1 Bxc2 23.Rdxc2 h6 24.Nf3 Nd5 25.Ne5 Qf6 26.Qb5 b6 27.Qd7 Red8 
28.Rc8 Raxc8 29.Rxc8 Rxc8 30.Qxc8+ Kh7 31.Nd7 Qf5 32.Nf8+ Kg8 33.Nxe6+ 1-0

[Event "50th World U20 ch"]
[Site "Chennai IND"]
[Date "2011.08.12"]
[Round "10.60"]
[White "Sekar, B."]
[Black "Bryan-Vissi, Mark"]
[Result "1-0"]
[WhiteElo "2061"]
[BlackElo "1815"]
[EventDate "2011.08.02"]
[PlyCount "77"]

1.e4 c5 2.Nf3 d6 3.d4 cxd4 4.Nxd4 Nf6 5.Nc3 Nc6 6.Bc4 e6 7.Be3 Be7 8.Qe2 
O-O 9.O-O-O a6 10.Bb3 Qc7 11.Rhg1 Bd7 12.g4 b5 13.g5 Ne8 14.Qh5 g6 15.Qh6 
Ng7 16.Rg3 Rfe8 17.Nxc6 Bxc6 18.Rh3 Nh5 19.Rxh5 gxh5 20.Bd4 Bf8 21.Qf6 e5 
22.g6 Bg7 23.Qxf7+ Qxf7 24.gxf7+ Kh8 25.fxe8=Q+ Rxe8 26.Be3 Rd8 27.Nd5 a5 
28.a3 a4 29.Ba2 Be8 30.Ne7 Bf6 31.Nf5 Bc6 32.Rxd6 Rxd6 33.Nxd6 Be7 34.Nf5 
Bf6 35.Bd5 Be8 36.Nd6 Bd7 37.Bh6 h4 38.Nf7+ Kg8 39.Nxe5+ 1-0

[Event "50th World U20 ch"]
[Site "Chennai IND"]
[Date "2011.08.12"]
[Round "10.61"]
[White "Rodriguez Aleman, Eduardo"]
[Black "Bukhalaf, Khalil"]
[Result "1-0"]
[WhiteElo "1997"]
[BlackElo "2004"]
[EventDate "2011.08.02"]
[PlyCount "87"]

1.e4 c6 2.d4 d5 3.Nd2 dxe4 4.Nxe4 Nf6 5.Ng5 h6 6.N5f3 Bg4 7.h3 Bxf3 8.Nxf3
e6 9.Bd3 Bd6 10.O-O Nbd7 11.Qe2 Qc7 12.Re1 O-O 13.Ne5 c5 14.c3 cxd4 15.
cxd4 Bb4 16.Rd1 Rfd8 17.Bf4 Nxe5 18.dxe5 Nd5 19.Bg3 Rac8 20.h4 Bf8 21.Qe4 
g6 22.h5 Ne7 23.Bh4 Rd5 24.Bf6 Bg7 25.Bxe7 Qxe7 26.hxg6 Rxe5 27.gxf7+ Qxf7
28.Qh7+ Kf8 29.Rac1 Rec5 30.Rxc5 Rxc5 31.Be4 Rc8 32.g3 Qh5 33.Re1 Qe5 34.
Re3 Rc1+ 35.Kg2 Ke7 36.Bf5 Qd5+ 37.Be4 Qd4 38.Qg8 Rc7 39.Bg6 Qf6 40.Qe8+ 
Kd6 41.Rd3+ Kc5 42.Qb8 Qe5 43.Qxa7+ Kc6 44.Be8+ 1-0

[Event "50th World U20 ch"]
[Site "Chennai IND"]
[Date "2011.08.13"]
[Round "11.1"]
[White "Swiercz, Dariusz"]
[Black "Hovhannisian, Robert"]
[Result "1/2-1/2"]
[WhiteElo "2553"]
[BlackElo "2556"]
[EventDate "2011.08.02"]
[PlyCount "95"]

1.e4 e5 2.Nf3 Nc6 3.Bb5 Nf6 4.O-O Nxe4 5.d4 Nd6 6.Bxc6 dxc6 7.dxe5 Nf5 8.
Qxd8+ Kxd8 9.Nc3 Be6 10.Rd1+ Ke8 11.Ng5 Bc8 12.h3 Be7 13.Nf3 h5 14.Bg5 Be6
15.Rd2 Rd8 16.Rxd8+ Kxd8 17.Rd1+ Ke8 18.g3 f6 19.Bf4 Bb4 20.exf6 Bxc3 21.
bxc3 gxf6 22.Bxc7 Rh7 23.Re1 Re7 24.a3 Bd5 25.Rxe7+ Nxe7 26.Nd2 b5 27.Bd6 
Nf5 28.Bc5 a5 29.Kf1 Kf7 30.g4 Ng7 31.Be3 hxg4 32.hxg4 f5 33.gxf5 Nxf5 34.
Ke2 Nd6 35.Bc5 Ne4 36.Nxe4 Bxe4 37.Kd2 Bd5 38.Bb6 a4 39.Ke3 Bc4 40.Kd4 Bf1
41.Kc5 Bc4 42.Kxc6 Bf1 43.Kd5 Bc4+ 44.Ke4 Bf1 45.Bc5 Bc4 46.Bb6 Bf1 47.Bc5
Bc4 48.Bb6 1/2-1/2

[Event "50th World U20 ch"]
[Site "Chennai IND"]
[Date "2011.08.13"]
[Round "11.4"]
[White "Durarbayli, Vasif"]
[Black "Roganovic, Milos"]
[Result "1-0"]
[WhiteElo "2515"]
[BlackElo "2476"]
[EventDate "2011.08.02"]
[PlyCount "73"]

1.e4 c5 2.Nf3 Nc6 3.d4 cxd4 4.Nxd4 e5 5.Nb5 d6 6.N1c3 a6 7.Na3 b5 8.Nd5 
Nf6 9.Bg5 Be7 10.Bxf6 Bxf6 11.c4 b4 12.Nc2 O-O 13.g3 Be6 14.Bg2 Bxd5 15.
cxd5 Nd4 16.Nxd4 exd4 17.Bf1 Qd7 18.Bd3 Qh3 19.Qe2 Rfe8 20.O-O-O a5 21.Kb1
a4 22.Rc1 a3 23.b3 Rac8 24.Rc6 Rxc6 25.dxc6 d5 26.Rc1 dxe4 27.c7 Kf8 28.
Qxe4 Qc8 29.Qxe8+ Kxe8 30.Ba6 Qxa6 31.c8=Q+ Qxc8 32.Rxc8+ Kd7 33.Rc4 d3 
34.Rxb4 Bb2 35.Rf4 Ke6 36.Rf3 d2 37.Kc2 1-0

[Event "50th World U20 ch"]
[Site "Chennai IND"]
[Date "2011.08.13"]
[Round "11.5"]
[White "Krejci, Jan jr"]
[Black "Kovalev, Vladislav"]
[Result "0-1"]
[WhiteElo "2503"]
[BlackElo "2439"]
[EventDate "2011.08.02"]
[PlyCount "57"]

1.d4 Nf6 2.c4 g6 3.Nc3 Bg7 4.Nf3 O-O 5.Bg5 c5 6.e3 Qa5 7.Bd3 cxd4 8.exd4 
d5 9.O-O dxc4 10.Bxc4 Bg4 11.d5 Nbd7 12.Re1 Rad8 13.Bb3 Nc5 14.h3 Be6 15.
Bd2 Bf5 16.Na4 Qc7 17.Rc1 b6 18.Nxc5 bxc5 19.Be3 Qb7 20.Rxc5 Be4 21.Ra5 
Nxd5 22.Rxa7 Qb8 23.Bxd5 Bxd5 24.b3 Bc3 25.Nd2 Bxg2 26.Rxe7 Bxh3 27.Qc2 
Qc8 28.f3 Rxd2 29.Qb1 0-1

[Event "50th World U20 ch"]
[Site "Chennai IND"]
[Date "2011.08.13"]
[Round "11.8"]
[White "Krysa, Leandro"]
[Black "Shimanov, Alexander"]
[Result "1/2-1/2"]
[WhiteElo "2374"]
[BlackElo "2586"]
[EventDate "2011.08.02"]
[PlyCount "84"]

1.d4 Nf6 2.c4 g6 3.Nf3 Bg7 4.g3 d5 5.cxd5 Nxd5 6.Bg2 Nb6 7.O-O Nc6 8.e3 
O-O 9.Nc3 Re8 10.d5 Na5 11.Nd4 Bd7 12.e4 c6 13.Re1 Rc8 14.Rb1 cxd5 15.exd5
Nac4 16.b3 Nd6 17.Bb2 Na8 18.Nce2 Qa5 19.a4 Nf5 20.Nxf5 Bxf5 21.Bxg7 Bxb1 
22.Bc3 Rxc3 23.Nxc3 Qxc3 24.Qxb1 Qb4 25.d6 Qxd6 26.Bxb7 Nc7 27.Qe4 Rb8 28.
Re3 Ne6 29.Qc6 Qd1+ 30.Kg2 Qg4 31.Re4 Qf5 32.Qd5 Qf6 33.Rc4 a5 34.Rc8+ 
Rxc8 35.Bxc8 Nd4 36.Qb7 Qd6 37.Bg4 e6 38.Qa8+ Kg7 39.Qxa5 Qc6+ 40.Kg1 Qc1+
41.Kg2 Qc6+ 42.Kg1 Qc1+ 1/2-1/2

[Event "50th World U20 ch"]
[Site "Chennai IND"]
[Date "2011.08.13"]
[Round "11.9"]
[White "Grandelius, Nils"]
[Black "Urkedal, Frode"]
[Result "1/2-1/2"]
[WhiteElo "2542"]
[BlackElo "2448"]
[EventDate "2011.08.02"]
[PlyCount "65"]

1.d4 Nf6 2.c4 g6 3.g3 Bg7 4.Bg2 d6 5.Nc3 O-O 6.Nf3 Nc6 7.O-O a6 8.d5 Na5 
9.b3 c5 10.dxc6 Nxc6 11.Bb2 Rb8 12.Qc1 Qa5 13.Rd1 Be6 14.Ng5 Bh6 15.h4 
Rbc8 16.Qe3 Ng4 17.Qf4 Nge5 18.Qe4 Bf5 19.Qd5 Qb6 20.Na4 Qc7 21.c5 dxc5 
22.Qxc5 Bg7 23.Rac1 h6 24.Nf3 Nxf3+ 25.Bxf3 Bxb2 26.Nxb2 Rfd8 27.Bxc6 
Rxd1+ 28.Nxd1 Qd8 29.Ne3 Rxc6 30.Qa3 Qd6 31.Qb2 Rxc1+ 32.Qxc1 Be6 33.Ng2 
1/2-1/2

[Event "50th World U20 ch"]
[Site "Chennai IND"]
[Date "2011.08.13"]
[Round "11.11"]
[White "Huschenbeth, Niclas"]
[Black "Grover, Sahaj"]
[Result "0-1"]
[WhiteElo "2521"]
[BlackElo "2496"]
[EventDate "2011.08.02"]
[PlyCount "200"]

1.e4 e6 2.d4 d5 3.Nd2 Nf6 4.e5 Nfd7 5.c3 c5 6.Bd3 Nc6 7.Ne2 cxd4 8.cxd4 f6
9.exf6 Nxf6 10.O-O Bd6 11.Nf3 Qc7 12.g3 O-O 13.Bf4 Bd7 14.Rc1 Ne4 15.Bxe4 
dxe4 16.Ne5 Bxe5 17.Bxe5 Qb6 18.Nf4 e3 19.fxe3 Nxe5 20.dxe5 Qxe3+ 21.Rf2 
Rad8 22.Qe1 Qb6 23.h4 Rf5 24.Rd1 Bc6 25.Rxd8+ Qxd8 26.Rd2 Qc7 27.Rd6 Qb6+ 
28.Qf2 Qxf2+ 29.Kxf2 Kf7 30.Rd8 Rxe5 31.Rc8 Rf5 32.Ke2 Rb5 33.Nd3 Kf6 34.
Rc7 Rd5 35.Ke3 h6 36.a3 g5 37.Rh7 Kg6 38.Re7 Kf5 39.Rh7 gxh4 40.gxh4 Kg6 
41.Re7 Kf6 42.Rh7 Rh5 43.Nb4 Bh1 44.Kf4 Rxh4+ 45.Kg3 Be4 46.Rxb7 Bxb7 47.
Kxh4 e5 48.Kh5 Kf5 49.Kxh6 e4 50.Nc2 Kf4 51.Kh5 e3 52.Kh4 Kf3 53.a4 e2 54.
Kg5 Be4 55.Nd4+ Ke3 56.Nxe2 Kxe2 57.Kf4 Kd3 58.a5 Bc6 59.b4 a6 60.Kg3 Ke3 
61.Kg4 Kf2 62.Kf4 Bf3 63.Kf5 Be2 64.Ke5 Bd3 65.Kd5 Ke2 66.Kc5 Kd2 67.Kd4 
Kc2 68.Ke3 Kc3 69.Kf2 Kd4 70.Kf3 Bg6 71.Ke2 Kc3 72.Ke3 Bh5 73.Ke4 Kd2 74.
Kf4 Kd3 75.Kg5 Bf7 76.Kf4 Bg6 77.Kf3 Be4+ 78.Kf2 Kd2 79.Kg3 Ke3 80.Kg4 Bg6
81.Kg5 Bd3 82.Kg4 Be4 83.Kg5 Kf3 84.Kf6 Bd3 85.Ke5 Ke3 86.Kd5 Bb5 87.Ke5 
Bc4 88.Kf5 Bg8 89.Kg4 Bh7 90.Kg3 Bf5 91.Kh4 Kf4 92.Kh5 Bh3 93.Kg6 Bg4 94.
Kf6 Bf5 95.Ke7 Ke5 96.Kf7 Bh7 97.Ke7 Kd5 98.Kf6 Kc4 99.Ke5 Kxb4 100.Kd4 
Bg6 0-1

[Event "50th World U20 ch"]
[Site "Chennai IND"]
[Date "2011.08.13"]
[Round "11.13"]
[White "Nitin, Senthilvel"]
[Black "Salgado Lopez, Ivan"]
[Result "0-1"]
[WhiteElo "2365"]
[BlackElo "2626"]
[EventDate "2011.08.02"]
[PlyCount "84"]

1.e4 e5 2.Nf3 d6 3.d4 exd4 4.Nxd4 Nf6 5.Nc3 Be7 6.g3 O-O 7.Bg2 Re8 8.O-O 
Bf8 9.Re1 Nbd7 10.a4 c6 11.h3 a5 12.g4 g6 13.g5 Nh5 14.Be3 Nc5 15.Qd2 Bd7 
16.f4 Qc8 17.Kh2 f5 18.gxf6 Nxf6 19.Bf2 Bh6 20.Bh4 Nh5 21.Bg5 Bxg5 22.fxg5
Qc7 23.Kg1 Qb6 24.Qe3 Qd8 25.Rad1 Qe7 26.Bf3 Ng7 27.Bg2 Rad8 28.Qg3 Nh5 
29.Qh4 Rf8 30.Nf5 Qe5 31.Nh6+ Kg7 32.Rf1 Rf4 33.Rxf4 Nxf4 34.Rf1 Nce6 35.
Ng4 Qc5+ 36.Kh1 Nh5 37.e5 Rf8 38.Rd1 Nef4 39.Nf6 Qe3 40.Nxd7 Nxg2 41.Kxg2 
Rf3 42.Nf8 Rg3+ 0-1

[Event "50th World U20 ch"]
[Site "Chennai IND"]
[Date "2011.08.13"]
[Round "11.16"]
[White "Krishna, C. R. G."]
[Black "Goganov, Alexei"]
[Result "0-1"]
[WhiteElo "2330"]
[BlackElo "2489"]
[EventDate "2011.08.02"]
[PlyCount "122"]

1.d4 Nf6 2.Nf3 e6 3.c4 b6 4.g3 Bb7 5.Bg2 Bb4+ 6.Nbd2 O-O 7.O-O a5 8.Qc2 
Bxd2 9.Bxd2 Be4 10.Qc3 Na6 11.Rad1 c6 12.b3 Qe7 13.Bc1 d6 14.Bb2 Qb7 15.
Bh3 b5 16.Nd2 Bg6 17.Bg2 d5 18.c5 b4 19.Qc1 a4 20.e4 a3 21.Ba1 Nxe4 22.
Bxe4 dxe4 23.Rde1 Nc7 24.Nxe4 Bxe4 25.Rxe4 Nd5 26.Qd2 Rae8 27.Rfe1 Qe7 28.
Qe2 Qd7 29.f3 Re7 30.Re5 Rfe8 31.Qc4 f6 32.R5e4 f5 33.Re5 Rf7 34.R1e2 Rf6 
35.f4 Kf7 36.Re1 h6 37.Qe2 g6 38.Rf1 Rg8 39.Kf2 g5 40.fxg5 hxg5 41.Ke1 Rh8
42.Rf2 Qb7 43.Qd2 g4 44.Kd1 Rh5 45.Kc2 Qb5 46.Qe1 Rfh6 47.Ree2 Qb8 48.Rd2 
Qh8 49.Qe2 Rh3 50.Kc1 R6h5 51.Kc2 Qh6 52.Kd3 Nf4+ 53.Rxf4 Qxf4 54.Kc4 Qf3 
55.Qe1 Rxh2 56.Kxb4 Qe4 57.Qc1 Qe3 58.Bc3 Rxd2 59.Bxd2 Qxd4+ 60.Kxa3 Rh2 
61.Bb4 Qf2 0-1

[Event "50th World U20 ch"]
[Site "Chennai IND"]
[Date "2011.08.13"]
[Round "11.17"]
[White "Kunal, M."]
[Black "Shyam Sundar, M."]
[Result "0-1"]
[WhiteElo "2298"]
[BlackElo "2478"]
[EventDate "2011.08.02"]
[PlyCount "78"]

1.e4 e5 2.Nf3 Nc6 3.Bb5 Nge7 4.Nc3 Ng6 5.h4 Nd4 6.h5 Nf4 7.Bf1 d6 8.Nxd4 
exd4 9.Ne2 Bg4 10.f3 Nxe2 11.Qxe2 Bd7 12.Qf2 Qf6 13.c3 c5 14.cxd4 cxd4 15.
b3 d5 16.exd5 Bc5 17.Qh4 Qd6 18.h6 O-O 19.Bd3 Rfe8+ 20.Kd1 g6 21.Bb2 Re5 
22.g4 Rxd5 23.Bc4 Re5 24.a4 Rae8 25.Kc2 a6 26.Rae1 b5 27.axb5 axb5 28.Bd3 
Qc6 29.Bxb5 Qc7 30.Bc4 g5 31.Qh5 Be6 32.f4 Bxc4 33.fxe5 Bxb3+ 34.Kxb3 Rb8+
35.Ka2 Qa5+ 36.Kb1 Qxd2 37.Re2 Qxe2 38.Qxg5+ Kf8 39.Qg7+ Ke8 0-1

[Event "50th World U20 ch"]
[Site "Chennai IND"]
[Date "2011.08.13"]
[Round "11.18"]
[White "Praneeth Surya, K."]
[Black "Vaibhav, Suri"]
[Result "1/2-1/2"]
[WhiteElo "2036"]
[BlackElo "2430"]
[EventDate "2011.08.02"]
[PlyCount "94"]

1.e4 c5 2.Nc3 Nc6 3.g3 g6 4.Bg2 Bg7 5.d3 d6 6.Be3 Nf6 7.h3 e5 8.Nge2 Be6 
9.O-O Qd7 10.Kh2 Nd4 11.f4 O-O 12.Qd2 Kh8 13.Rf2 Ng8 14.Raf1 f5 15.fxe5 
dxe5 16.Nd5 Bxd5 17.exd5 Nf6 18.c3 Nxe2 19.Rxe2 Rac8 20.c4 Qd6 21.Bf2 b6 
22.a3 Nd7 23.b4 f4 24.Bf3 Rf7 25.g4 Bf6 26.Kg2 h5 27.Ree1 Rh7 28.Rh1 Qe7 
29.bxc5 bxc5 30.Rb1 Nb6 31.Qc2 Bh4 32.Bxh4 Qxh4 33.Qf2 hxg4 34.hxg4 Qxf2+ 
35.Kxf2 Rxh1 36.Bxh1 Kg7 37.Bf3 Kf6 38.a4 Rc7 39.a5 Nc8 40.Rb8 Nd6 41.Rd8 
Ke7 42.Rg8 Kf7 43.Rd8 Ke7 44.Rg8 Kf6 45.Rd8 Ke7 46.Rg8 Kf7 47.Rd8 Ke7 
1/2-1/2

[Event "50th World U20 ch"]
[Site "Chennai IND"]
[Date "2011.08.13"]
[Round "11.19"]
[White "Anwesh, Upadhyaya"]
[Black "Narayanan, Sunilduth Lyna"]
[Result "1-0"]
[WhiteElo "2429"]
[BlackElo "2233"]
[EventDate "2011.08.02"]
[PlyCount "80"]

1.d4 Nf6 2.c4 g6 3.g3 Bg7 4.Bg2 O-O 5.Nc3 d6 6.Nf3 Nc6 7.O-O a6 8.Qd3 e5 
9.dxe5 dxe5 10.Qxd8 Rxd8 11.Bg5 Be6 12.Nd2 h6 13.Bxf6 Bxf6 14.Nde4 Be7 15.
Nd5 Bxd5 16.cxd5 Nb4 17.Nc3 c6 18.dxc6 Nxc6 19.Bxc6 bxc6 20.Rfd1 f5 21.Na4
Kf7 22.Rdc1 Rd2 23.Kf1 Rc8 24.Rc4 Rd4 25.Rxd4 exd4 26.Rc1 Ke6 27.Rc4 c5 
28.b3 Rc6 29.Nb2 Kd5 30.Nd3 g5 31.Ra4 Bd8 32.Ke1 Bc7 33.Rc4 Ba5+ 34.Kd1 
Bb6 35.Ra4 Bc7 36.Kd2 Bd8 37.Ne1 Be7 38.Kd3 h5 39.Nc2 Bd8 40.Nxd4 Rf6 1-0

[Event "50th World U20 ch"]
[Site "Chennai IND"]
[Date "2011.08.13"]
[Round "11.20"]
[White "Ramnath Bhuvanesh"]
[Black "Abhishek, Kelkar"]
[Result "1/2-1/2"]
[WhiteElo "2422"]
[BlackElo "2197"]
[EventDate "2011.08.02"]
[PlyCount "58"]

1.e4 e5 2.Nf3 Nc6 3.Bc4 Nf6 4.d3 Be7 5.O-O O-O 6.Re1 d6 7.c3 Na5 8.Bb5 a6 
9.Ba4 c5 10.Nbd2 b5 11.Bc2 Re8 12.h3 Bf8 13.Nf1 Nc6 14.Bg5 h6 15.Bxf6 Qxf6
16.Ne3 g6 17.a4 Rb8 18.axb5 axb5 19.Bb3 Qd8 20.Nd2 Bg7 21.Qf3 Rf8 22.Ra2 
Kh8 23.Rea1 Bb7 24.Bd5 Qd7 25.Qg4 Qe8 26.Nb3 f5 27.Qd1 f4 28.Nf1 f3 29.Ne3
fxg2 1/2-1/2

[Event "50th World U20 ch"]
[Site "Chennai IND"]
[Date "2011.08.13"]
[Round "11.21"]
[White "Ikeda, Junta"]
[Black "Cori Tello, Jorge"]
[Result "1-0"]
[WhiteElo "2349"]
[BlackElo "2514"]
[EventDate "2011.08.02"]
[PlyCount "73"]

1.e4 e6 2.Qe2 c5 3.Nf3 Nc6 4.g3 d6 5.Bg2 g6 6.d3 Bg7 7.O-O Nge7 8.c3 O-O 
9.Na3 Rb8 10.d4 cxd4 11.cxd4 b5 12.Nc2 b4 13.Rd1 Qa5 14.Ne3 Ba6 15.Qd2 
Rfd8 16.d5 exd5 17.exd5 Ne5 18.Nxe5 dxe5 19.b3 Nc6 20.Bb2 Nd4 21.Re1 Rbc8 
22.Kh1 h5 23.f4 exf4 24.gxf4 Ne6 25.f5 Bc3 26.Qf2 Nc5 27.fxg6 fxg6 28.Bxc3
bxc3 29.Qg3 Qc7 30.Qxg6+ Qg7 31.Qxh5 Nd3 32.Rf1 c2 33.Nf5 Nf4 34.Rxf4 
Qxa1+ 35.Bf1 Kf8 36.Nd4+ Ke7 37.Qf7+ 1-0

[Event "50th World U20 ch"]
[Site "Chennai IND"]
[Date "2011.08.13"]
[Round "11.22"]
[White "Rajesh, V. A. V."]
[Black "Lalith Babu, Musunuri Rohit"]
[Result "0-1"]
[WhiteElo "2292"]
[BlackElo "2495"]
[EventDate "2011.08.02"]
[PlyCount "152"]

1.d4 Nf6 2.c4 e6 3.Nf3 Nc6 4.Nc3 Bb4 5.Qc2 d5 6.cxd5 exd5 7.Bf4 O-O 8.e3 
h6 9.Bd3 Bg4 10.O-O Nh5 11.Bg3 Nxg3 12.hxg3 Be6 13.a3 Be7 14.Rfd1 f5 15.
Rac1 Rb8 16.Ne2 Bd6 17.Nf4 Qf6 18.Qa4 a6 19.Bb1 Ne7 20.Ne5 c6 21.Nh5 Qg5 
22.Nf4 Bc8 23.Kf1 g6 24.g4 Qf6 25.Nfd3 Be6 26.Qc2 Kg7 27.f4 Ng8 28.Nc5 Qe7
29.b4 Bc8 30.Kg1 Nf6 31.gxf5 Bxf5 32.Qe2 Bxb1 33.Rxb1 Rg8 34.Rf1 Rbc8 35.
f5 Bxe5 36.Ne6+ Kh8 37.dxe5 Ne4 38.Nf4 gxf5 39.e6 Qf6 40.Qb2 Qxb2 41.Rxb2 
Rce8 42.b5 axb5 43.a4 Nd6 44.axb5 Nxb5 45.Nxd5 Rxe6 46.Rxf5 Rg5 47.Rf8+ 
Kg7 48.Rd8 Rd6 49.Nf4 Rxd8 50.Ne6+ Kf6 51.Nxd8 Rg7 52.Rf2+ Ke5 53.Nf7+ Ke4
54.Nxh6 c5 55.Rf5 Rc7 56.Kf2 Nd6 57.Rf8 b5 58.Ke2 b4 59.Ng4 c4 60.Rd8 Rc6 
61.Rb8 b3 62.Nf2+ Ke5 63.Nd1 Ra6 64.Nc3 Ra1 65.g4 Rc1 66.Na4 Ke4 67.Rd8 
Rc2+ 68.Kd1 Nf7 69.Re8+ Ne5 70.g5 Rg2 71.Kc1 Kf5 72.Rc8 Nd3+ 73.Kd1 b2 74.
Nc3 Nf2+ 75.Ke1 Ne4 76.Rf8+ Kg6 0-1

[Event "50th World U20 ch"]
[Site "Chennai IND"]
[Date "2011.08.13"]
[Round "11.23"]
[White "Stany, George Anthony"]
[Black "Rojas Alarcon, Julian Antonio"]
[Result "1-0"]
[WhiteElo "2435"]
[BlackElo "2291"]
[EventDate "2011.08.02"]
[PlyCount "47"]

1.e4 e5 2.Nf3 Nc6 3.Bb5 a6 4.Ba4 Nf6 5.O-O Be7 6.Re1 b5 7.Bb3 O-O 8.c3 d6 
9.d4 Bg4 10.d5 Na5 11.Bc2 c6 12.h3 Bc8 13.dxc6 Qc7 14.Nbd2 Qxc6 15.Nf1 Re8
16.Ng3 Be6 17.Ng5 Bd7 18.a4 h6 19.Nf3 Be6 20.Nh4 d5 21.Nhf5 Bxf5 22.Nxf5 
dxe4 23.axb5 axb5 24.Rxa5 1-0

[Event "50th World U20 ch"]
[Site "Chennai IND"]
[Date "2011.08.13"]
[Round "11.24"]
[White "Botta, Gabriele"]
[Black "Udeshi, Aditya"]
[Result "1-0"]
[WhiteElo "2261"]
[BlackElo "2378"]
[EventDate "2011.08.02"]
[PlyCount "97"]

1.e4 c5 2.Nf3 d6 3.c3 Nf6 4.h3 Nc6 5.Bd3 d5 6.e5 Nd7 7.Bb5 e6 8.O-O a6 9.
Bxc6 bxc6 10.Re1 Be7 11.d3 a5 12.Nbd2 a4 13.Nf1 Nf8 14.Ng3 Ng6 15.Nh5 O-O 
16.d4 cxd4 17.cxd4 Qb6 18.Rb1 Bd7 19.Nh2 Rfb8 20.Ng4 Qd8 21.Qf3 Be8 22.Bd2
Rb5 23.g3 Rab8 24.Bc3 Kh8 25.h4 Bb4 26.Bxb4 Rxb4 27.Qe3 c5 28.Nxg7 Bb5 29.
Nh5 cxd4 30.Qd2 Nxh4 31.gxh4 Qxh4 32.Qxb4 Rg8 33.Ng3 Rxg4 34.Kg2 Bd3 35.
Rbd1 Rxg3+ 36.fxg3 Be4+ 37.Rxe4 Qxe4+ 38.Kh3 Qf5+ 39.Kh4 Qe4+ 40.g4 Kg7 
41.Qxd4 Qf3 42.Rd3 Qh1+ 43.Kg3 Qe1+ 44.Qf2 Qxe5+ 45.Kh3 Kg8 46.Re3 Qc7 47.
Rc3 Qd7 48.Qd4 Qd8 49.Qe5 1-0

[Event "50th World U20 ch"]
[Site "Chennai IND"]
[Date "2011.08.13"]
[Round "11.25"]
[White "Firat, Burak"]
[Black "Hemant, Sharma"]
[Result "0-1"]
[WhiteElo "2373"]
[BlackElo "2247"]
[EventDate "2011.08.02"]
[PlyCount "80"]

1.e4 c5 2.Nf3 d6 3.d4 cxd4 4.Nxd4 Nf6 5.Nc3 a6 6.a4 e5 7.Nf3 Qc7 8.Be2 Be7
9.O-O O-O 10.Re1 b6 11.Nd2 Be6 12.Nf1 Nc6 13.Ne3 Nb4 14.Ncd5 Nbxd5 15.exd5
Bd7 16.Bd3 g6 17.Bd2 b5 18.a5 Qb7 19.c3 Ne8 20.Nc2 f5 21.Nb4 Nf6 22.Bc2 
Kg7 23.Bb3 Ne4 24.Be3 f4 25.Bb6 Ng5 26.f3 Bd8 27.Bf2 Bf6 28.Qd2 Bh3 29.Bb6
Bf5 30.Nc6 Rae8 31.c4 e4 32.Qxf4 exf3 33.Nd4 Be4 34.Rad1 fxg2 35.Qg3 Kg8 
36.Rxe4 Rxe4 37.Ne6 Nxe6 38.dxe6 bxc4 39.Ba2 Re2 40.Bxc4 Qxb6+ 0-1

[Event "50th World U20 ch"]
[Site "Chennai IND"]
[Date "2011.08.13"]
[Round "11.26"]
[White "Pap, Gyula"]
[Black "Gireman, Jagadeesan"]
[Result "1-0"]
[WhiteElo "2513"]
[BlackElo "2084"]
[EventDate "2011.08.02"]
[PlyCount "59"]

1.e4 e6 2.f4 d5 3.e5 c5 4.Nf3 Nc6 5.c3 Qb6 6.Na3 f6 7.Nc2 Be7 8.d4 Bd7 9.
Bd3 Nh6 10.O-O Nf7 11.Kh1 f5 12.dxc5 Bxc5 13.b4 Be7 14.Be3 Qc7 15.Rc1 h6 
16.Ncd4 g5 17.c4 dxc4 18.Bxc4 gxf4 19.Bxf4 Nxd4 20.Nxd4 Qb6 21.Be3 Qxb4 
22.Nxe6 Rc8 23.Ng7+ Kf8 24.Qxd7 Kxg7 25.Qxf5 Ng5 26.Bxg5 hxg5 27.Qf7+ Kh6 
28.Rf6+ Bxf6 29.Qxf6+ Kh5 30.Bf7+ 1-0

[Event "50th World U20 ch"]
[Site "Chennai IND"]
[Date "2011.08.13"]
[Round "11.27"]
[White "Petrisor, Adrian-Marian"]
[Black "Das, Sayantan"]
[Result "0-1"]
[WhiteElo "2408"]
[BlackElo "2246"]
[EventDate "2011.08.02"]
[PlyCount "86"]

1.d4 d5 2.c4 e5 3.e3 exd4 4.exd4 Nf6 5.Nc3 Be7 6.Nf3 O-O 7.Be2 dxc4 8.O-O 
Be6 9.Be3 Nc6 10.Rc1 h6 11.Ne5 Na5 12.Qc2 c6 13.Rcd1 b5 14.a3 Nd5 15.Nxd5 
Bxd5 16.Bg4 Nb7 17.Qf5 Nd6 18.Qh5 a5 19.Rfe1 Ra7 20.Nxc6 Bxc6 21.d5 Be8 
22.Bxa7 f5 23.Qh3 fxg4 24.Qxg4 Rf5 25.Qe2 Bf8 26.Bc5 Bf7 27.f3 Qg5 28.Be3 
Qg6 29.Qc2 Kh7 30.Rd4 Re5 31.Qxg6+ Bxg6 32.Bd2 Rxe1+ 33.Bxe1 Bd3 34.Bxa5 
Nf5 35.Rg4 h5 36.Rg5 g6 37.g4 Be7 38.Rxf5 gxf5 39.Bc7 Bc5+ 40.Kg2 fxg4 41.
fxg4 Be4+ 42.Kg3 Bd4 43.d6 Bc6 0-1

[Event "50th World U20 ch"]
[Site "Chennai IND"]
[Date "2011.08.13"]
[Round "11.28"]
[White "Sapozhnikov, Roman"]
[Black "Getz, Nicolai"]
[Result "1-0"]
[WhiteElo "2295"]
[BlackElo "2385"]
[EventDate "2011.08.02"]
[PlyCount "125"]

1.Nf3 Nf6 2.d4 d5 3.c4 c6 4.e3 Bg4 5.Nc3 e6 6.h3 Bxf3 7.Qxf3 Nbd7 8.Bd2 
Bb4 9.Bd3 O-O 10.a3 Ba5 11.b4 Bc7 12.cxd5 exd5 13.O-O Re8 14.Rfe1 Nf8 15.
g3 Ne6 16.h4 a5 17.Reb1 axb4 18.axb4 Qd6 19.Rxa8 Rxa8 20.Kg2 Bd8 21.Qd1 g6
22.Be1 Kg7 23.Qc2 h5 24.Qb2 Ng4 25.Qe2 f5 26.f3 Nf6 27.Bf2 Bc7 28.Qb2 Re8 
29.Ne2 Nd7 30.b5 Ra8 31.Ra1 Rb8 32.Be1 Qe7 33.Rc1 Nf6 34.Qc2 Qa3 35.Qc3 
Ra8 36.bxc6 bxc6 37.Qxa3 Rxa3 38.Rxc6 Rxd3 39.Rxe6 Kf7 40.Rc6 Bd8 41.Kf2 
Rb3 42.Nc1 Rb6 43.Rc8 Be7 44.Nd3 Nd7 45.Nf4 Nf6 46.Rc7 Rb2+ 47.Kf1 Rb3 48.
Ke2 Rb2+ 49.Kd3 Rb3+ 50.Bc3 Ke8 51.Nxg6 Bd6 52.Rc6 Kd7 53.Ra6 Ne8 54.Kc2 
Rb7 55.Ne5+ Ke7 56.Ba5 Ng7 57.Ng6+ Kd7 58.Nf4 Bxf4 59.gxf4 Ne6 60.Bb6 Rb8 
61.Bc5 Nxc5 62.dxc5 Rb4 63.Rd6+ 1-0

[Event "50th World U20 ch"]
[Site "Chennai IND"]
[Date "2011.08.13"]
[Round "11.29"]
[White "Swayams Mishra"]
[Black "Kuchynka, Lukas"]
[Result "1/2-1/2"]
[WhiteElo "2378"]
[BlackElo "2339"]
[EventDate "2011.08.02"]
[PlyCount "80"]

1.d4 b6 2.c4 Bb7 3.Nc3 e6 4.a3 f5 5.Nf3 Nf6 6.g3 Ne4 7.Qc2 Be7 8.Bg2 Nxc3 
9.Qxc3 O-O 10.O-O Bf6 11.b4 c5 12.Be3 Qe7 13.Qb3 d6 14.Rad1 Nd7 15.bxc5 
dxc5 16.d5 exd5 17.cxd5 Qf7 18.Qc2 Qh5 19.Qa4 Rfd8 20.d6 Be4 21.Ne1 Bxg2 
22.Nxg2 Qxe2 23.Nf4 b5 24.Qb3+ Qc4 25.Qxc4+ bxc4 26.Rc1 Bb2 27.Rxc4 Bxa3 
28.Ne6 Nb6 29.Nxd8 Nxc4 30.Nb7 Nxe3 31.fxe3 c4 32.Rf4 Kf7 33.d7 Be7 34.Rd4
Bd8 35.Rxc4 Rb8 36.Nxd8+ Rxd8 37.Rc7 Ke6 38.Rxa7 Rxd7 39.Ra2 g5 40.Kf2 Ke5
1/2-1/2